00485cam a2200157 a 450000100100000000500170001000800410002704000250006808200180009310000320011124500680014326000390021130000210025065000260027165000300029700000401920200929150652.0711124s1947 nyu 001 f eng  aDO-SdBNPbspacBNPHU a813.54bS193w1 aSamuel, Maurice,d1895-197210aWeb of Lucifer :ba novel of the Borgia Fury /cMaurice Samuel. aNew York :bAlfred a Knopf,c1947. a487 p. ;c22 cm. 4aNovela estadounidense 4aLiteratura estadounidense